[Event "Novokuznetsk Old Stager op"]
[Site "Novokuznetsk"]
[Date "2015.01.31"]
[Round "6"]
[White "Korobeynikov, Alexandr"]
[Black "Grebenkin, Yury"]
[Result "0-1"]
[WhiteElo "1818"]
[BlackElo "1847"]
[PlyCount "188"]
[EventDate "2015.01.10"]
[EventType "swiss"]
[EventRounds "9"]
[EventCountry "RUS"]
[SourceTitle "EXT 2018"]
[Source "ChessBase"]
[SourceDate "2017.10.13"]
[SourceVersion "1"]
[SourceVersionDate "2017.10.13"]
[SourceQuality "1"]

1. e4 d6 2. Bc4 Nf6 3. d3 g6 4. Nf3 Bg4 5. h3 Bxf3 6. Qxf3 c6 7. Bb3 Bg7 8. Be3 0-0 9. g4 Nbd7 10. Nc3 e6 11. Qg3 d5 12. 0-0-0 a5 13. h4 b5 14. a4 Rb8 15. e5 Nxe5 16. Qxe5 Nxg4 17. Qg5 Nf6 18. Bc5 Re8 19. Rdg1 Qc7 20. h5 h6 21. Qg2 g5 22. Be3 Qe5 23. d4 Qf5 24. Ne2 e5 25. f4 exf4 26. Bxf4 Rxe2 27. Qxe2 Qxf4+ 28. Qd2 Qc7 29. Qh2 Qd8 30. c3 Rc8 31. Bc2 bxa4 32. Bxa4 c5 33. dxc5 Rxc5 34. Rd1 Qb6 35. Qc2 Ne4 36. Qb3 Qd8 37. Rh3 Nf2 38. Rhd3 Nxd1 39. Rxd1 Qc7 40. Re1 Be5 41. Kb1 f6 42. Qc2 Qf7 43. Qf2 Qc7 44. Qf5 Qh7 45. Bc2 Qxf5 46. Bxf5 Kf7 47. Rd1 Ke7 48. Ka2 Kd6 49. Kb3 Rc4 50. Bd3 Rh4 51. Bg6 Ke6 52. Ra1 Bc7 53. Re1+ Kd6 54. Rf1 a4+ 55. Ka3 Bd8 56. Rd1 Be7 57. Ka2 f5 58. Bf7 d4 59. cxd4 Bf6 60. Bg6 f4 61. Ka3 f3 62. Kxa4 Rxd4+ 63. Rxd4+ Bxd4 64. b4 Ke5 65. Be8 g4 66. Bc6 f2 67. Bg2 Kf4 68. Kb3 Kg5 69. Kc4 Be5 70. Kd3 Kxh5 71. Ke2 g3 72. Kf3 Kg5 73. Bh3 h5 74. Bg2 Bb8 75. b5 Kf5 76. b6 Ke6 77. b7 Kd5 78. Ke2+ Kd4 79. Bh3 Ke4 80. Bg2+ Kf4 81. Bh3 h4 82. Kf1 Kf3 83. Bg2+ Kg4 84. Bc6 h3 85. Bd7+ Kh4 86. Bc6 Ba7 87. Bf3 Kg5 88. Bc6 Kf6 89. Bf3 Ke5 90. Bc6 Kf4 91. Bd5 Ke3 92. Bc6 g2+ 93. Bxg2 hxg2+ 94. Kxg2 Ke2 0-1

[Event "Novokuznetsk Old Stager op"]
[Site "Novokuznetsk"]
[Date "2015.01.18"]
[Round "3"]
[White "Korobeynikov, Alexandr"]
[Black "Morozov, Vasiliy"]
[Result "0-1"]
[WhiteElo "1818"]
[BlackElo "2026"]
[PlyCount "70"]
[EventDate "2015.01.10"]
[EventType "swiss"]
[EventRounds "9"]
[EventCountry "RUS"]
[SourceTitle "EXT 2018"]
[Source "ChessBase"]
[SourceDate "2017.10.13"]
[SourceVersion "1"]
[SourceVersionDate "2017.10.13"]
[SourceQuality "1"]

1. e4 e6 2. d4 d5 3. Nc3 Bb4 4. e5 c5 5. a3 Ba5 6. Nf3 cxd4 7. Nxd4 Bxc3+ 8. bxc3 Qc7 9. Bb5+ Bd7 10. Bf4 Qxc3+ 11. Kf1 Nc6 12. Bxc6 bxc6 13. Ne2 Qb2 14. g3 Ne7 15. Kg2 0-0 16. Qd3 Qb5 17. Qe3 c5 18. Rhb1 Qa6 19. Bg5 Ng6 20. f4 Bc6 21. Kf2 c4 22. Rc1 h6 23. h4 hxg5 24. hxg5 Qb7 25. Qf3 d4 26. Qh5 Rfd8 27. g4 d3 28. cxd3 Rxd3 29. Rh1 Bxh1 30. Rxh1 Qf3+ 31. Ke1 Rb8 32. Qh7+ Kf8 33. Qh8+ Nxh8 34. Rxh8+ Ke7 35. Rxb8 Qh1+ 0-1

[Event "Novokuznetsk-ch"]
[Site "Novokuznetsk"]
[Date "2014.12.06"]
[Round "6"]
[White "Tsvetkov, Yury"]
[Black "Korobeynikov, Alexandr"]
[Result "0-1"]
[WhiteElo "1733"]
[BlackElo "1837"]
[PlyCount "180"]
[EventDate "2014.11.16"]
[EventType "swiss"]
[EventRounds "9"]
[EventCountry "RUS"]
[SourceTitle "EXT 2016"]
[Source "ChessBase"]
[SourceDate "2015.10.08"]
[SourceVersion "1"]
[SourceVersionDate "2015.10.08"]
[SourceQuality "1"]

1. e4 c6 2. d4 d5 3. e5 Nd7 4. f4 g6 5. Nf3 Bg7 6. g3 Nh6 7. Bg2 Nb6 8. 0-0 Bg4 9. h3 Bd7 10. g4 Qc7 11. a4 Rc8 12. a5 Nc4 13. b4 b6 14. a6 b5 15. Re1 e6 16. Nbd2 Nb6 17. Nb3 Rb8 18. Nc5 Bc8 19. Bd2 Nc4 20. Bc1 Bf8 21. Nh4 Rb6 22. c3 Qd8 23. Nf3 Bxc5 24. dxc5 Rxa6 25. Rxa6 Bxa6 26. f5 Ng8 27. f6 h6 28. Qc2 Bc8 29. Nh4 Qc7 30. Nf3 a6 31. Qe2 Qa7 32. Nd4 Bd7 33. Bf4 a5 34. Ra1 a4 35. Nb3 Qc7 36. Nd2 Nxf6 37. Nxc4 dxc4 38. Bh2 Nd5 39. Qf3 Qd8 40. Rf1 0-0 41. Bg3 Qg5 42. Bf2 Qxe5 43. Bd4 Qg5 44. Qg3 Qe7 45. Bxd5 cxd5 46. Bf6 Qe8 47. Qe5 Kh7 48. g5 h5 49. Bg7 Rg8 50. Bh6 Qe7 51. Rf6 a3 52. Qf4 Be8 53. Qc1 Qa7 54. Qa1 e5 55. Rd6 Qa8 56. Kf2 e4 57. Ke3 a2 58. Rf6 Qc8 59. Qf1 Rg7 60. Bxg7 Kxg7 61. Kd4 a1Q 62. Qxa1 Qxh3 63. Qd1 Qd3+ 64. Qxd3 cxd3 65. Ke3 Kf8 66. c6 Ke7 67. c7 Kd7 68. c8Q+ Kxc8 69. Rd6 Kc7 70. Rxd5 Bc6 71. Rc5 h4 72. c4 Kb6 73. cxb5 Bxb5 74. Rc1 Ba4 75. Rh1 Bc6 76. Rxh4 Kb5 77. Rf4 Bd5 78. Rf6 Kxb4 79. Kd2 Kc4 80. Ra6 Kd4 81. Ra3 Bc4 82. Ra4 e3+ 83. Ke1 Kc3 84. Ra3+ Bb3 85. Ra1 Kb2 86. Rd1 Bxd1 87. Kxd1 Kc3 88. Kc1 Kd4 89. Kd1 Ke4 90. Ke1 Kf4 0-1

[Event "Novokuznetsk-ch"]
[Site "Novokuznetsk"]
[Date "2014.11.22"]
[Round "2"]
[White "Popov, Yury"]
[Black "Korobeynikov, Alexandr"]
[Result "1-0"]
[WhiteElo "2032"]
[BlackElo "1837"]
[PlyCount "33"]
[EventDate "2014.11.16"]
[EventType "swiss"]
[EventRounds "9"]
[EventCountry "RUS"]
[SourceTitle "EXT 2016"]
[Source "ChessBase"]
[SourceDate "2015.10.08"]
[SourceVersion "1"]
[SourceVersionDate "2015.10.08"]
[SourceQuality "1"]

1. d4 Nf6 2. c4 e6 3. Nc3 b6 4. e4 Bb4 5. f3 d6 6. d5 Bxc3+ 7. bxc3 exd5 8. e5 Nfd7 9. Be3 0-0 10. Bd3 Qe7 11. f4 Re8 12. Nf3 c5 13. Bxh7+ Kxh7 14. Ng5+ Kg8 15. Qxd5 Nxe5 16. fxe5 Nd7 17. 0-0 1-0

[Event "Novokuznetsk Kustov op"]
[Site "Novokuznetsk"]
[Date "2014.10.04"]
[Round "2"]
[White "Golovina, Darya"]
[Black "Korobeynikov, Alexandr"]
[Result "1-0"]
[WhiteElo "2035"]
[BlackElo "1830"]
[PlyCount "73"]
[EventDate "2014.09.28"]
[EventType "swiss"]
[EventRounds "9"]
[EventCountry "RUS"]
[SourceTitle "EXT 2018"]
[Source "ChessBase"]
[SourceDate "2017.10.13"]
[SourceVersion "1"]
[SourceVersionDate "2017.10.13"]
[SourceQuality "1"]

1. e4 c5 2. Nc3 Nc6 3. g3 Nf6 4. Bg2 d6 5. Nge2 Bg4 6. f3 Bd7 7. d3 e5 8. Be3 Nd4 9. 0-0 Be7 10. Qd2 h6 11. Nd1 g5 12. c3 Ne6 13. d4 Ng7 14. Nf2 Qc8 15. Rfd1 Ngh5 16. b4 b6 17. a4 c4 18. d5 Bf8 19. b5 g4 20. f4 Qc7 21. a5 Rc8 22. axb6 axb6 23. Ra6 Bxb5 24. Rxb6 Ba4 25. Ra1 Bb3 26. Rc6 Qd7 27. Ra7 Qd8 28. Bb6 Ra8 29. Bxd8 Rxa7 30. Bb6 Ra1+ 31. Nc1 exf4 32. Qb2 Ra8 33. Nxb3 cxb3 34. Qxb3 Ra1+ 35. Bf1 fxg3 36. Rc8+ Kd7 37. Rc7+ 1-0

[Event "Novokuznetsk Spring op"]
[Site "Novokuznetsk"]
[Date "2014.04.20"]
[Round "7"]
[White "Korobeynikov, Alexandr"]
[Black "Spirin, Alexandr"]
[Result "1-0"]
[WhiteElo "1821"]
[BlackElo "1972"]
[PlyCount "29"]
[EventDate "2014.03.29"]
[EventType "swiss"]
[EventRounds "9"]
[EventCountry "RUS"]
[SourceTitle "EXT 2015"]
[Source "ChessBase"]
[SourceDate "2014.11.20"]
[SourceVersion "1"]
[SourceVersionDate "2014.11.20"]
[SourceQuality "1"]

1. c4 g6 2. Nc3 e5 3. g3 Ne7 4. Nf3 Bg7 5. d4 exd4 6. Nxd4 d5 7. cxd5 Nxd5 8. Bg2 c6 9. Nxd5 cxd5 10. 0-0 Nc6 11. Be3 Bxd4 12. Bxd4 Nxd4 13. Qxd4 0-0 14. Qxd5 Qxd5 15. Bxd5 1-0

[Event "Novokuznetsk Spring op"]
[Site "Novokuznetsk"]
[Date "2014.04.13"]
[Round "5"]
[White "Golovina, Darya"]
[Black "Korobeynikov, Alexandr"]
[Result "1-0"]
[WhiteElo "2020"]
[BlackElo "1821"]
[PlyCount "55"]
[EventDate "2014.03.29"]
[EventType "swiss"]
[EventRounds "9"]
[EventCountry "RUS"]
[SourceTitle "EXT 2015"]
[Source "ChessBase"]
[SourceDate "2014.11.20"]
[SourceVersion "1"]
[SourceVersionDate "2014.11.20"]
[SourceQuality "1"]

1. e4 c5 2. Nc3 Nc6 3. g3 d6 4. d3 Nf6 5. Bg2 Nd4 6. Be3 g6 7. Qd2 Bg7 8. f3 Bd7 9. 0-0-0 e5 10. Bh6 Bxh6 11. Qxh6 Qe7 12. Bh3 Be6 13. Rf1 b5 14. f4 b4 15. fxe5 bxc3 16. bxc3 dxe5 17. cxd4 cxd4 18. Qg7 Nxe4 19. Qxh8+ Kd7 20. Bxe6+ Kxe6 21. Qxa8 Qa3+ 22. Kd1 Nc3+ 23. Kd2 f5 24. Qc6+ Kf7 25. Nf3 Qa4 26. Ng5+ Kg7 27. Qd7+ Kh6 28. Qxh7+ 1-0

[Event "Novokuznetsk-ch"]
[Site "Novokuznetsk"]
[Date "2013.12.07"]
[Round "6"]
[White "Korobeynikov, Alexandr"]
[Black "Marchenko, Sergey Yakov"]
[Result "1-0"]
[WhiteElo "1823"]
[BlackElo "1892"]
[PlyCount "35"]
[EventDate "2013.11.17"]
[EventType "swiss"]
[EventRounds "9"]
[EventCountry "RUS"]
[SourceTitle "EXT 2015"]
[Source "ChessBase"]
[SourceDate "2014.11.20"]
[SourceVersion "1"]
[SourceVersionDate "2014.11.20"]
[SourceQuality "1"]

1. Nf3 Nf6 2. g3 g6 3. Bg2 d5 4. 0-0 Bg7 5. d3 0-0 6. Nbd2 Nbd7 7. c4 c6 8. Qc2 dxc4 9. Nxc4 Nb6 10. b3 Nxc4 11. bxc4 Bf5 12. Rb1 Rb8 13. Bf4 Qa5 14. Bxb8 Rxb8 15. Nd4 Bd7 16. Nxc6 Bxc6 17. Bxc6 Qc7 18. Bg2 1-0

[Event "Novokuznetsk-ch"]
[Site "Novokuznetsk"]
[Date "2013.12.01"]
[Round "5"]
[White "Ragulin, Yury"]
[Black "Korobeynikov, Alexandr"]
[Result "1/2-1/2"]
[WhiteElo "1891"]
[BlackElo "1823"]
[PlyCount "21"]
[EventDate "2013.11.17"]
[EventType "swiss"]
[EventRounds "9"]
[EventCountry "RUS"]
[SourceTitle "EXT 2015"]
[Source "ChessBase"]
[SourceDate "2014.11.20"]
[SourceVersion "1"]
[SourceVersionDate "2014.11.20"]
[SourceQuality "1"]

1. e4 e5 2. Nf3 Nc6 3. Bc4 Be7 4. d4 d6 5. Be3 Nf6 6. d5 Na5 7. Bb3 Nxe4 8. 0-0 0-0 9. Nfd2 Nxd2 10. Qxd2 b6 11. Nc3 1/2-1/2

[Event "Novokuznetsk Spring op"]
[Site "Novokuznetsk"]
[Date "2013.04.14"]
[Round "5"]
[White "Kheyfets, Nataliya"]
[Black "Korobeynikov, Alexandr"]
[Result "1-0"]
[WhiteElo "1831"]
[BlackElo "1841"]
[PlyCount "51"]
[EventDate "2013.03.31"]
[EventType "swiss"]
[EventRounds "9"]
[EventCountry "RUS"]
[SourceTitle "EXT 2015"]
[Source "ChessBase"]
[SourceDate "2014.11.20"]
[SourceVersion "1"]
[SourceVersionDate "2014.11.20"]
[SourceQuality "1"]

1. e4 e5 2. Nf3 d6 3. d4 exd4 4. Nxd4 Nf6 5. Nc3 Be7 6. f3 Bd7 7. Be3 a6 8. Qd2 Nc6 9. Bc4 Ne5 10. Bb3 a5 11. a3 c6 12. 0-0 0-0 13. h3 Qc7 14. f4 Ng6 15. Rad1 Rfd8 16. Qf2 Ra6 17. g4 b5 18. g5 Ne8 19. f5 Ne5 20. f6 Bf8 21. fxg7 Nxg7 22. g6 d5 23. gxf7+ Kh8 24. Qg3 dxe4 25. Bf4 Bd6 26. Bxe5 1-0

[Event "Novokuznetsk Spring op"]
[Site "Novokuznetsk"]
[Date "2013.03.31"]
[Round "1"]
[White "Spirin, Alexandr"]
[Black "Korobeynikov, Alexandr"]
[Result "1/2-1/2"]
[WhiteElo "1950"]
[BlackElo "1841"]
[PlyCount "22"]
[EventDate "2013.03.31"]
[EventType "swiss"]
[EventRounds "9"]
[EventCountry "RUS"]
[SourceTitle "EXT 2015"]
[Source "ChessBase"]
[SourceDate "2014.11.20"]
[SourceVersion "1"]
[SourceVersionDate "2014.11.20"]
[SourceQuality "1"]

1. d4 Nf6 2. Nc3 e6 3. e4 d5 4. Bg5 Be7 5. Bxf6 Bxf6 6. Nf3 0-0 7. Be2 c5 8. e5 Be7 9. dxc5 Bxc5 10. 0-0 Nc6 11. Qd2 Bd7 1/2-1/2

[Event "Novokuznetsk Siberia-ch"]
[Site "Novokuznetsk"]
[Date "2013.03.27"]
[Round "7"]
[White "Korobeynikov, Alexandr"]
[Black "Kalyndu, Aldynbek"]
[Result "0-1"]
[WhiteElo "1841"]
[BlackElo "2101"]
[PlyCount "66"]
[EventDate "2013.03.21"]
[EventType "swiss"]
[EventRounds "9"]
[EventCountry "RUS"]
[SourceTitle "CBM 153 Extra"]
[Source "ChessBase"]
[SourceDate "2013.04.22"]
[SourceVersion "1"]
[SourceVersionDate "2013.04.22"]
[SourceQuality "1"]

1. b4 Nf6 2. Bb2 a5 3. b5 d6 4. a4 Nbd7 5. Nf3 e5 6. e3 Be7 7. Nc3 0-0 8. Bc4 c6 9. Be2 d5 10. Qb1 Re8 11. Ba3 e4 12. Bxe7 Qxe7 13. Nd4 c5 14. Nf5 Qe5 15. Ng3 b6 16. h4 Nf8 17. h5 h6 18. Qb2 Bb7 19. 0-0-0 d4 20. Nb1 Rad8 21. Rdg1 c4 22. Bxc4 Qc5 23. Qb3 Bd5 24. Na3 Rc8 25. Bxd5 Nxd5 26. Nf5 Ne6 27. Rh4 Nb4 28. g4 Nxc2 29. Nxc2 d3 30. Kb1 dxc2+ 31. Kc1 Qe5 32. Qb2 Nc5 33. Qxe5 Nd3# 0-1

[Event "Novokuznetsk-ch"]
[Site "Novokuznetsk"]
[Date "2012.12.09"]
[Round "7"]
[White "Korobeynikov, Alexandr"]
[Black "Kuzmichev, Alexander"]
[Result "0-1"]
[WhiteElo "1867"]
[BlackElo "2118"]
[PlyCount "144"]
[EventDate "2012.11.18"]
[EventType "swiss"]
[EventRounds "9"]
[EventCountry "RUS"]
[SourceTitle "EXT 2014"]
[Source "ChessBase"]
[SourceDate "2013.11.20"]
[SourceVersion "1"]
[SourceVersionDate "2013.11.20"]
[SourceQuality "1"]

1. d4 Nf6 2. c4 e6 3. Nf3 b6 4. Nc3 Bb4 5. Qc2 Bb7 6. Bg5 h6 7. Bd2 0-0 8. a3 Bxc3 9. Bxc3 Be4 10. Qc1 d5 11. e3 Nbd7 12. b4 Qe7 13. Ne5 Nxe5 14. dxe5 Nd7 15. f3 Bh7 16. h4 c5 17. Qb2 Rfc8 18. b5 Nf8 19. Rd1 Rd8 20. g4 Rd7 21. Qh2 Rad8 22. cxd5 Rxd5 23. Rxd5 exd5 24. f4 d4 25. exd4 cxd4 26. Bb4 Qe6 27. Be2 Be4 28. 0-0 d3 29. Bd1 Qc4 30. Bd6 Ne6 31. f5 Nd4 32. Rf2 Qc1 33. Rf1 Bf3 34. Qf2 Bxd1 35. Qxd4 d2 36. Qf4 Rc8 37. Bb4 Be2 38. Bxd2 Qxf1+ 39. Qxf1 Bxf1 40. Kxf1 Rc5 41. e6 fxe6 42. fxe6 Re5 43. Bf4 Rxe6 44. Bb8 Re7 45. Kf2 Kf7 46. Kf3 Ke6 47. Ke4 Rb7 48. Bf4 a6 49. Be3 axb5 50. Bd2 Rc7 51. Bb4 Rc4+ 52. Kf3 Ke5 53. Be7 Rc3+ 54. Kg2 Kf4 55. g5 Kg4 56. gxh6 gxh6 57. Kf2 Rc7 58. Bd8 Ra7 59. Bxb6 Rxa3 60. Bd8 b4 61. Ke2 b3 62. Kd2 b2 63. Kc2 Rb3 64. Kb1 h5 65. Bg5 Kh3 66. Bf6 Rb4 67. Bg5 Rxh4 68. Kxb2 Rg4 69. Bf6 Kg2 70. Kc2 h4 71. Kd2 h3 72. Be5 Rg3 0-1

[Event "Novokuznetsk op"]
[Site "Novokuznetsk"]
[Date "2012.08.06"]
[Round "5"]
[White "Korobeynikov, Alexandr"]
[Black "Shadrin, Oleg Gennadievich"]
[Result "1-0"]
[WhiteElo "1879"]
[BlackElo "1734"]
[PlyCount "97"]
[EventDate "2012.08.02"]
[EventType "swiss"]
[EventRounds "9"]
[EventCountry "RUS"]
[SourceTitle "EXT 2013"]
[Source "ChessBase"]
[SourceDate "2012.11.22"]
[SourceVersion "1"]
[SourceVersionDate "2012.11.22"]
[SourceQuality "1"]

1. d4 d5 2. Nf3 Nf6 3. Bf4 c6 4. Nbd2 h6 5. e3 Bg4 6. h3 Bh5 7. Bd3 g5 8. Bh2 g4 9. hxg4 Bxg4 10. Qc1 Nbd7 11. c3 e6 12. Qc2 c5 13. dxc5 Nxc5 14. Bb5+ Ke7 15. Nd4 a6 16. Bf1 Bh5 17. Be5 Bg6 18. Bxf6+ Kxf6 19. Qd1 Kg7 20. Qg4 f5 21. Qg3 Bd6 22. f4 Qf6 23. N2f3 Ne4 24. Qh4 Qf7 25. Bd3 Nf6 26. Qg3 Ng4 27. Nh4 Rae8 28. Kd2 Kf6 29. Rae1 Rhg8 30. Nhf3 Ke7 31. b4 Kd8 32. a4 e5 33. fxe5 Nxe5 34. Nxe5 Bxe5 35. Qh4+ Bf6 36. Qxh6 Rh8 37. Qf4 Be5 38. Qf3 Rxh1 39. Rxh1 Bxd4 40. exd4 Qd7 41. b5 a5 42. b6 Rf8 43. Rh6 Rf6 44. Bb5 Qe6 45. Rh8+ Ke7 46. Qf4 Qxb6 47. Qb8 f4 48. Qe5+ Qe6 49. Qc7+ 1-0

[Event "Novokuznetsk op"]
[Site "Novokuznetsk"]
[Date "2012.08.02"]
[Round "1"]
[White "Guzikov, Danil"]
[Black "Korobeynikov, Alexandr"]
[Result "1-0"]
[WhiteElo "2177"]
[BlackElo "1879"]
[PlyCount "51"]
[EventDate "2012.08.02"]
[EventType "swiss"]
[EventRounds "9"]
[EventCountry "RUS"]
[SourceTitle "EXT 2013"]
[Source "ChessBase"]
[SourceDate "2012.11.22"]
[SourceVersion "1"]
[SourceVersionDate "2012.11.22"]
[SourceQuality "1"]

1. e4 e5 2. Nf3 Nf6 3. Nxe5 Qe7 4. d4 d6 5. Nf3 Qxe4+ 6. Be3 Bg4 7. Be2 Nbd7 8. Nc3 Qe7 9. h3 Bh5 10. Qd2 Nb6 11. 0-0 h6 12. Rfe1 0-0-0 13. a4 Nbd5 14. Nxd5 Nxd5 15. Qa5 Nxe3 16. Qxh5 Nxc2 17. Qf5+ Qe6 18. Qxc2 Qf6 19. Rec1 Rd7 20. Bd3 Kb8 21. b4 g5 22. a5 h5 23. a6 g4 24. axb7 gxf3 25. Qc6 Re7 26. Rxa7 1-0

[Event "Sibiria Region-ch Seniors"]
[Site "Prokopevsk"]
[Date "2012.03.14"]
[Round "3"]
[White "Korobeynikov, Alexandr"]
[Black "Bogachev, Alexandr"]
[Result "1-0"]
[WhiteElo "1882"]
[BlackElo "2053"]
[PlyCount "51"]
[EventDate "2012.03.12"]
[EventType "swiss"]
[EventRounds "9"]
[EventCountry "RUS"]
[SourceTitle "EXT 2013"]
[Source "ChessBase"]
[SourceDate "2012.11.22"]
[SourceVersion "1"]
[SourceVersionDate "2012.11.22"]
[SourceQuality "1"]

1. d4 d5 2. Nf3 e6 3. Bf4 Ne7 4. c3 Ng6 5. Bg3 Nd7 6. Qc2 f5 7. e3 c6 8. Bd3 Be7 9. Nbd2 0-0 10. h4 Nf6 11. h5 Nh8 12. h6 g6 13. Ne5 Nf7 14. Ndf3 Nd6 15. 0-0-0 Nde4 16. Rh3 c5 17. Bxe4 Nxe4 18. dxc5 Bxc5 19. Nxg6 hxg6 20. h7+ Kg7 21. Be5+ Nf6 22. Rdh1 Rh8 23. Qa4 Bd6 24. Qh4 Bxe5 25. Qh6+ Kf7 26. Nxe5+ 1-0